| 000 | 01206nam a22003377a 4500 | ||
|---|---|---|---|
| 003 | CHAP | ||
| 005 | 20220329143743.0 | ||
| 008 | 110610s1977 mx a r 00010 spa d | ||
| 010 | _a101464 | ||
| 011 | _a102436 | ||
| 035 | _a113124 | ||
| 040 | _cCHAP | ||
| 082 | 0 | 4 |
_a972.12 _bM46 |
| 100 | 1 |
_aMeade, Joaquín. _973785 |
|
| 245 | 1 | 3 |
_aLa Huasteca Tamaulipeca _c/por Joaquín Meade |
| 260 |
_aCd. Victoria, Tamps. : _bJus, _c1977 |
||
| 300 |
_a3 v. : _bilus. |
||
| 505 | 0 | _av.1 La Huasteca Tamaulipeca -- v.2 La guerra de independencia -- v.3 Datos | |
| 590 |
_aBATCH-UPD _b10 _c20130110 _lUCH01 _h1332 |
||
| 590 |
_aBATCH-UPD _b10 _c20130410 _lUCH01 _h0837 |
||
| 590 |
_aBATCH-UPD _b10 _c20130914 _lUCH01 _h1625 |
||
| 590 |
_aCONVERSION _b10 _c20130109 _lUCH01 _h1356 |
||
| 650 | 1 | 4 |
_aHuastecas _xHistoria. _956592 |
| 650 | 1 | 4 |
_aHuastecas _xInvestigación y estudio. _956593 |
| 650 | 1 | 4 |
_aTamaulipas _xHistoria. _9111531 |
| 901 | _aBK | ||
| 942 | _cLIBRO | ||
| 949 |
_a972.12 M46 _bBC _cLIBRO _d33724002249967 _eLIBRO _fv.3 _h115173 _i113124 _sb |
||
| 949 |
_a972.12 M46 _bBC _cLIBRO _d33724002250009 _eLIBRO _fv.2 _h115172 _i113124 _sb |
||
| 949 |
_a972.12 M46 _bBC _cLIBRO _d33724002250040 _eLIBRO _fv.1 _h115171 _i113124 _sb |
||
| 999 |
_c101464 _d101464 |
||